| 000 | 00450nam a22001577a 4500 | ||
|---|---|---|---|
| 999 |
_c524879 _d524879 |
||
| 003 | NUST | ||
| 038 | _aMr. Zahoor | ||
| 082 | _a621.3 | ||
| 100 |
_aTalha Shahid _915676 |
||
| 245 |
_aDesign of a Low Cost Degree of Freedom Hand Exoskeleton / _cTalha Shahid |
||
| 260 |
_aIslamabad : _bCEME - NUST. _c2014. |
||
| 300 |
_ax, 51 p. : ill. ; _c30 cm. |
||
| 500 | _aHardcover. | ||
| 600 |
_aMechatronics Engineering - MS Thesis _915674 |
||
| 942 |
_2ddc _cTHE |
||